000 00846nam a2200241Ia 4500
003 GCL
008 140319s9999 xx 000 0 ara d
040 _aGCL /
_cGCL
082 0 4 _aق
_b323.48
_bز ق
100 1 _aزكريا سليمان بيومى
245 1 0 _aقضايا الفلاح فى البرلمان المصرى 1936-1924 /
_cزكريا سليمان بيومى
260 _a[S.N] :
_bالهيئة المصرية العامة للكتاب ،
_c1987
300 _a151 ص
490 _aمصر النهضة
_v0
650 0 4 _aالعصر الحديث
650 0 4 _aمصر
650 0 4 _aتاريخ
650 0 4 _aالاحوال الاجتماعية
650 0 4 _aالاحوال السياسية
650 0 4 _aالاحزاب السياسية
650 0 4 _aمركز وثائق وتاريخ مصر المعاصر
942 _2ddc
_cBK
999 _c52407
_d52407